Machine Learning/Deep Learning in Medical Image Processing (Record no. 13747)
[ view plain ]
| 000 -LEADER | |
|---|---|
| fixed length control field | 00912nam a2200133Ia 4500 |
| 008 - FIXED-LENGTH DATA ELEMENTS--GENERAL INFORMATION | |
| fixed length control field | 220615s9999||||xx |||||||||||||| ||und|| |
| 020 ## - INTERNATIONAL STANDARD BOOK NUMBER | |
| International Standard Book Number | 9783040000000 |
| 245 #0 - TITLE STATEMENT | |
| Title | Machine Learning/Deep Learning in Medical Image Processing |
| 546 ## - LANGUAGE NOTE | |
| Language note | English[eng] |
| 650 ## - SUBJECT ADDED ENTRY--TOPICAL TERM | |
| Topical term or geographic name entry element | pancreas||segmentation||computed tomography||deep learning||data augmentation||neoplasm metastasis||ovarian neoplasms||radiation exposure||tomography||x-ray computed||prostate carcinoma||microscopic||convolutional neural network||machine learning||handcrafted||oral carcinoma||medical image segmentation||colon cancer||colon polyps||OCT||optical biopsy||animal rat models||CADx||airway volume analysis||artificial intelligence||coronary artery disease||SPECT MPI scans||convolutional neural networks||transfer learning||classification models||n/a |
| 700 ## - ADDED ENTRY--PERSONAL NAME | |
| Personal name | Nishio, Mizuho |
| 856 ## - ELECTRONIC LOCATION AND ACCESS | |
| Uniform Resource Identifier | <a href="https://mdpi.com/books/pdfview/book/4783">https://mdpi.com/books/pdfview/book/4783</a> |
| 942 ## - ADDED ENTRY ELEMENTS (KOHA) | |
| Koha item type | E-Books |
| Withdrawn status | Lost status | Damaged status | Not for loan | Home library | Current library | Date acquired | Total Checkouts | Date last seen | Price effective from | Koha item type |
|---|---|---|---|---|---|---|---|---|---|---|
| Kerala University of Digital Sciences, Innovation and Technology Knowledge Centre | Kerala University of Digital Sciences, Innovation and Technology Knowledge Centre | 15/06/2022 | 15/06/2022 | 15/06/2022 | E-Books |